00000000nam##2200000za#4500
0019.592011
003CaOODSP
00520210624201004
007cr |||||||||||
008150406|2004||||xxc|||||o    f|0| 0 fre|d
040 |aCaOODSP|bfre
043 |an-cn---
0861 |aCC173-3/2-129-1F-IN
1102 |aCommission canadienne de sûreté nucléaire.
24510|aMaintenir les expositions et les doses au « niveau le plus bas qu'il soit raisonnablement possible d'atteindre (ALARA) » |h[ressource électronique]
260 |bCommission canadienne de sûreté nucléaire |c2004.
300 |a16p.|bréférences
4901 |aGuide d'application de la réglementation |vG-129, révision 1
500 |aLe n° de catalogue (CC173-3/2-129-1F) et l'ISBN (0-662-78102-3) assignés à l'édition imprimée ont été incorrectement copiés dans cette édition en PDF.
5203 |aCe guide d’application de la réglementation fait partie d’une série de guides qui fournissent une orientation ou décrivent les caractéristiques ou les méthodes recommandées par la Commission canadienne de sûreté nucléaire (CCSN) afin de respecter les exigences réglementaires ou d’accroître l’efficacité sur le plan administratif. Il constitue le cadre des activités de réglementation de la CCSN, au même titre que les instruments légaux exécutoires tels que les lois, les règlements, les permis et les ordres, ainsi que d’autres documents d’application de la réglementation tels que les politiques, les normes, les avis et les procédures.
590 |a04-52|b2004-12-31
77508|tKeeping radiation exposures and doses "as low as reasonably achievable (ALARA)" |w(CaOODSP)9.559221
7760#|tMaintenir les expositions et les doses au «niveau le plus bas qu'il soit raisonnablement possible d'atteindre (ALARA)» |w(CaOODSP)9.626729
830#0|aGuide d'application de la réglementation ;|vG-129, révision 1|w(CaOODSP)9.501114
85640|ahttp://publications.gc.ca|qPDF|s189 Ko|uhttps://publications.gc.ca/collections/Collection/CC173-3-2-129-1F.pdf|yG-129, révision 1